00669nam a22001337a 450000500170000000700030001700800410002004000110006108200290007210000410010124502700014226000360041285600870044820220816232806.0ta220816b |||||||| |||| 00| 0 sp d cCUSACQ a00 02 TEM CD (001) 22019 aZacarías deLeón, Ilsy Fabiola.-/ aAplicación de estrategias de aprendizaje en la resolución de ecuaciones de primer grado con estudiantes de cuarto magisterio infantil Bilingüe intercultural de los centros educativos oficiales en Santa Cruz del Quiché.-/cIlsy Fabiola Zacarías deLeón .- aGuatemala:bUSAC-CUSACQcc2019. uhttps://drive.google.com/file/d/1yLsIbB1iCd5zwxLrVYkXFm0o7OSyb9Pa/view?usp=sharing